Manufacturing Science and Technology: (Record no. 13698)

MARC details
000 -LEADER
fixed length control field 00632nam a22001697a 4500
008 - FIXED-LENGTH DATA ELEMENTS--GENERAL INFORMATION
fixed length control field 100316s2009 ii|||||r|||| 001 0 eng d
020 ## - INTERNATIONAL STANDARD BOOK NUMBER
International Standard Book Number 9788122426755
082 ## - DEWEY DECIMAL CLASSIFICATION NUMBER
Edition number 22
Classification number 670
Item number PRA
245 ## - TITLE STATEMENT
Title Manufacturing Science and Technology:
Remainder of title Manufacturing Processes and Machine Tools/
Statement of responsibility, etc K. Vara Prasada Rao
250 ## - EDITION STATEMENT
Edition statement 2nd ed.
260 ## - PUBLICATION, DISTRIBUTION, ETC. (IMPRINT)
Place of publication, distribution, etc New Delhi:
Name of publisher, distributor, etc New Age, 2009
Date of publication, distribution, etc 2009
300 ## - PHYSICAL DESCRIPTION
Extent 382 p. :
Other physical details ill.;
Dimensions 24 cm.
500 ## - GENERAL NOTE
General note Includes index
650 ## - SUBJECT ADDED ENTRY--TOPICAL TERM
9 (RLIN) 11613
Topical term or geographic name as entry element Manufacturing processes.
942 ## - ADDED ENTRY ELEMENTS (KOHA)
Source of classification or shelving scheme Dewey Decimal Classification
Item type Book - Borrowing
Holdings
Withdrawn status Item status Source of classification or shelving scheme Damaged status Not for loan Vendor Home library Current library Shelving location Date acquired Source of acquisition Cost, normal purchase price Serial Enumeration / chronology Total Checkouts Full call number Barcode Date last seen Koha item type
    Dewey Decimal Classification     Alahram Central Library Central Library First floor 16/03/2010   70.00 35   670 PRA 000020236 15/07/2025 Book - Borrowing